000 00880nam a22001935i 4500
001 153251
003 ES-MaACL
005 20231227143446.0
008 990701s1875 sp d |||| | spa d
040 _aGA
_bspa
_cCCPB | 3D
110 2 _aConservatorio de Artes.
_bEscuela Nacional de Comercio, Artes y Oficios.
_9222005
245 1 0 _aMemoria leída en el Conservatorio de Artes Escuela Nacional de Comercio, Artes y Oficios en la apertura del curso de 1875 a 1876 por el Excmo. Sr. D. Joaquín María Sanromá.
260 _aMadrid :
_b[s.n.],
_c1875 (
_fImprenta y Fundición de Manuel Tello)
300 _a42 p. ;
_c27 cm.
700 1 1 _aSanromá, Joaquín María,
_d1828-1895
_9103198
852 _aES-MaACL
_jT-382-F-17
_z-- Enc. hol.
_z-- Enc. en un vol. facticio
852 _aES-MaACL
_jT-176-F-4
_z-- Enc. hol.
_z-- Enc. en un vol. facticio
999 _c153251
_d153251